00359nam a2200133Ia 450000500170000000800410001702000150005808200130007310000220008624500320010826000520014030000170019265000160020920250318161430.0240331s9999 xx 000 0 und d a8123406371 bRAGa894 aRagunathan, T.M.C 0aPuthumaippiththan kathaikal aChennaibNewcentury book house ( pvt) Ltdc1999 aIx, 530 p ., aKadooraigal